MARC details
| 000 -LEADER |
| fixed length control field |
01746cam a2200361 i 4500 |
| 001 - CONTROL NUMBER |
| control field |
19798993 |
| 003 - CONTROL NUMBER IDENTIFIER |
| control field |
GBCCL |
| 005 - DATE AND TIME OF LATEST TRANSACTION |
| control field |
20251202122607.0 |
| 008 - FIXED-LENGTH DATA ELEMENTS--GENERAL INFORMATION |
| fixed length control field |
170719s2017 ilu 000 0 eng |
| 020 ## - INTERNATIONAL STANDARD BOOK NUMBER |
| International Standard Book Number |
9780802418029 |
| 035 ## - SYSTEM CONTROL NUMBER |
| System control number |
19798993 |
| 040 ## - CATALOGING SOURCE |
| Original cataloging agency |
DLC |
| Language of cataloging |
eng |
| Transcribing agency |
DLC |
| Description conventions |
rda |
| Modifying agency |
DLC |
| 082 00 - DEWEY DECIMAL CLASSIFICATION NUMBER |
| Classification number |
234.709 |
| Edition information |
23 |
| Item number |
BUS 1 |
| 100 1# - MAIN ENTRY--PERSONAL NAME |
| Personal name |
Busenitz, Nathan, |
| Relator term |
author. |
| 245 10 - TITLE STATEMENT |
| Title |
Long before Luther : |
| Remainder of title |
tracing the heart of the Gospel from Christ to the Reformation / |
| Statement of responsibility, etc. |
Nathan Busenitz. |
| 264 #1 - PRODUCTION, PUBLICATION, DISTRIBUTION, MANUFACTURE, AND COPYRIGHT NOTICE |
| Place of production, publication, distribution, manufacture |
Chicago : |
| Name of producer, publisher, distributor, manufacturer |
Moody Publishers, |
| Date of production, publication, distribution, manufacture, or copyright notice |
[2017] |
| 300 ## - PHYSICAL DESCRIPTION |
| Extent |
242 pages ; |
| Dimensions |
21 cm |
| 336 ## - CONTENT TYPE |
| Content type term |
text |
| Content type code |
txt |
| Source |
rdacontent |
| 337 ## - MEDIA TYPE |
| Media type term |
unmediated |
| Media type code |
n |
| Source |
rdamedia |
| 338 ## - CARRIER TYPE |
| Carrier type term |
volume |
| Carrier type code |
nc |
| Source |
rdacarrier |
| 505 0# - FORMATTED CONTENTS NOTE |
| Formatted contents note |
Introducing the debate -- The reformers and justification -- The church before Augustine -- Augustine and justification -- The church after Augustine -- Tracing the heart of the Gospel from Christ to the Reformation. |
| 610 20 - SUBJECT ADDED ENTRY--CORPORATE NAME |
| Corporate name or jurisdiction name as entry element |
Catholic Church |
| General subdivision |
Doctrines. |
| 650 #0 - SUBJECT ADDED ENTRY--TOPICAL TERM |
| Topical term or geographic name entry element |
Justification (Christian theology) |
| General subdivision |
History of doctrines |
| Chronological subdivision |
Early church, ca. 30-600. |
| 650 #0 - SUBJECT ADDED ENTRY--TOPICAL TERM |
| Topical term or geographic name entry element |
Justification (Christian theology) |
| General subdivision |
History of doctrines |
| Chronological subdivision |
Middle Ages, 600-1500. |
| 650 #0 - SUBJECT ADDED ENTRY--TOPICAL TERM |
| Topical term or geographic name entry element |
Theology, Doctrinal |
| General subdivision |
History |
| Chronological subdivision |
Early church, ca. 30-600. |
| 650 #0 - SUBJECT ADDED ENTRY--TOPICAL TERM |
| Topical term or geographic name entry element |
Theology, Doctrinal |
| General subdivision |
History |
| Chronological subdivision |
Middle Ages, 600-1500. |
| 650 #0 - SUBJECT ADDED ENTRY--TOPICAL TERM |
| Topical term or geographic name entry element |
Reformation. |
| 650 #0 - SUBJECT ADDED ENTRY--TOPICAL TERM |
| Topical term or geographic name entry element |
Reformed Church |
| General subdivision |
Doctrines. |
| 776 08 - ADDITIONAL PHYSICAL FORM ENTRY |
| Relationship information |
Online version: |
| Main entry heading |
Busenitz, Nathan, author. |
| Title |
Long before Luther |
| Place, publisher, and date of publication |
Chicago : Moody Publishers, 2017 |
| International Standard Book Number |
9780802496355 |
| Record control number |
(DLC) 2017035114 |
| 906 ## - LOCAL DATA ELEMENT F, LDF (RLIN) |
| a |
7 |
| b |
cbc |
| c |
orignew |
| d |
1 |
| e |
ecip |
| f |
20 |
| g |
y-gencatlg |
| 942 ## - ADDED ENTRY ELEMENTS (KOHA) |
| Source of classification or shelving scheme |
Dewey Decimal Classification |
| Koha item type |
Books |
| Suppress in OPAC |
No |